000
00216 a2200097 4500
001
18588
100
_a
Jafri R.A
245
_a
Bahadur shah zafar aur unka ahed
260
_a
_b
Kitab manzil
_c
090
_c
13816
_d
13816
942
_a
NUST-CAE
_c
M
_c
4243
999
_c
253661
_d
253661